书目信息 |
| 题名: |
2014全国一级注册建筑师执业资格考试历年真题解析与模拟试卷
|
|
| 作者: | 张艳锋 编著 | |
| 分册: | 建筑设计 (知识题) | |
| 出版信息: | 北京 中国电力出版社 2014.01 |
|
| 页数: | 538页 | |
| 开本: | 26cm | |
| 丛书名: | ||
| 单 册: | ||
| 中图分类: | TU-44 | |
| 科图分类: | ||
| 主题词: | 建筑师--jian zhu shi--资格考试--题解 , 建筑设计--jian zhu she ji--资格考试--题解 | |
| 电子资源: | ||
| ISBN: | 978-7-5123-4885-1 | |
| 000 | 01185nam 2200289 450 | |
| 001 | CAL 0120141216966 | |
| 005 | 20150803155041.32 | |
| 010 | @a978-7-5123-4885-1@dCNY76.00 | |
| 100 | @a20140308d2014 em y0chiy50 ea | |
| 101 | 0 | @achi |
| 102 | @aCN@b110000 | |
| 105 | @aak a 000yy | |
| 106 | @ar | |
| 200 | 1 | @a2014全国一级注册建筑师执业资格考试历年真题解析与模拟试卷@A2014 quan guo yi ji zhu ce jian zhu shi zhi ye zi ge kao shi li nian zhen ti jie xi yu mo ni shi juan@i建筑设计 (知识题)@f张艳锋编著 |
| 210 | @a北京@c中国电力出版社@d2014.01 | |
| 215 | @a538页@c图@d26cm | |
| 300 | @a2014电力版 | |
| 320 | @a有书目 (第538页) | |
| 330 | @a本书收录了1995-2012年全国一级建筑师执业资格考试“建筑设计”科目2340道真题, 分类整理为建筑设计原理与标准、规范, 中国建筑史, 外国建筑史, 城市规划基础知识, 模拟题等五个部分, 并对每道题目进行了详细的解析。 | |
| 517 | 1 | @a建筑设计 (知识题)@Ajian zhu she ji ( zhi shi ti ) |
| 586 | @a | |
| 606 | 0 | @a建筑师@Ajian zhu shi@x资格考试@j题解 |
| 606 | 0 | @a建筑设计@Ajian zhu she ji@x资格考试@j题解 |
| 690 | @aTU-44@v5 | |
| 701 | 0 | @a张艳锋@Azhang yan feng@4编著 |
| 801 | 0 | @aCN@c20150820 |
| 905 | @a河南城建学院图书馆@dTU-44@eZ220@f3 | |
| 2014全国一级注册建筑师执业资格考试历年真题解析与模拟试卷.建筑设计 (知识题)/张艳锋编著.-北京:中国电力出版社,2014.01 |
| 538页:图;26cm |
| 2014电力版 |
| ISBN 978-7-5123-4885-1:CNY76.00 |
| 本书收录了1995-2012年全国一级建筑师执业资格考试“建筑设计”科目2340道真题, 分类整理为建筑设计原理与标准、规范, 中国建筑史, 外国建筑史, 城市规划基础知识, 模拟题等五个部分, 并对每道题目进行了详细的解析。 |
| ● |
| 相关链接 |
|
|
|
正题名:2014全国一级注册建筑师执业资格考试历年真
索取号:TU-44/Z220
 
预约/预借
| 序号 | 登录号 | 条形码 | 馆藏地/架位号 | 状态 | 备注 |
| 1 | 1161791 | 211617918 | 建筑库101/101建筑库 12排2列2层/ [索取号:TU-44/Z220] | 在馆 | |
| 2 | 1161792 | 211617927 | 建筑库101/101建筑库 12排2列2层/ [索取号:TU-44/Z220] | 在馆 | |
| 3 | 1161793 | 211617936 | 建筑库101/101建筑库 12排2列2层/ [索取号:TU-44/Z220] | 在馆 |